Bilecik Bilecik Bilecik Bilecik Bilecik

Dede Korkut kitabı / (Record no. 7155)

MARC details
000 -BAŞLIK
Sabit Uzunluktaki Kontrol Alanı 00894nam a22003257a 4500
001 - KONTROL NUMARASI
Control Dosyası 0007175
003 - KONTROL NUMARASI KİMLİĞİ
Kontrol Alanı KOHA_MİRAKIL
005 - EN SON İŞLEM TARİHİ ve ZAMANI
Kontrol Alanı 20260207001548.0
007 - FİZİKSEL TANIM SABİT ALAN - GENEL BİLGİ
Sabit uzunluklu kontrol alanı ta
008 - SABİT UZUNLUKTAKİ VERİ ÖGELERİ - GENEL BİLGİ
Sabit Alan 090909b2004 tu |||gr||||#||||1|tur |
020 ## - ISBN - ULUSLARARASI STANDART KİTAP NUMARASI
Isbn 9759541580
040 ## - KATALOGLAMA KAYNAĞI
Özgün Kataloglama Kurumu TR-BiSEU
Kataloglama Dili tur
Çeviri Kurumu TR-BiSEU
Açıklama Kuralları rda
041 0# - DİL KODU
Metin ya da ses kaydının dil kodu tur
044 ## - YAYINLAYAN/ÜRETEN KURULUŞUN ÜLKE KODU
ISO country code tu
050 ## - SINIFLAMA ve YER NUMARASI
Sınıflama Numarası PL95.9.D43
Yer Numarası O97 2004
100 1# - KİŞİ ADI
Yazar Adı (Kişi adı) Özsoy, Bekir Sami.
245 1# - ESER ADI BİLDİRİMİ
Başlık Dede Korkut kitabı /
Sorumluluk Bildirimi Bekir Sami Özsoy ; Bekir Sami Özsoy.
264 #1 - ÜRERİM, YAYIN, DAĞITIM ve TELİF BİLDİRİMİ
Yayın yeri Manisa :
Yayınlayan [yay.y]
Yayın tarihi 2004
300 ## - FİZİKSEL TANIMLAMA
Sayfa, Cilt vb. 471 sayfa: resimli, haritalı; 27 cm.
336 ## - İÇERİK TÜRÜ
Content type term metin
Content type code txt
Source rdacontent
337 ## - MEDYA TÜRÜ
Media type term aracısız
Media type code n
Source rdamedia
338 ## - TAŞIYICI TÜRÜ
Carrier type term cilt
Carrier type code nc
Source rdacarrier
490 0# - DİZİ BİLDİRİMİ
Dizi Bildirimi
500 ## - GENEL NOT
Genel Not Kaynakça var.
650 #0 - KONU BAŞLIĞI EK GİRİŞ - KONU TERİMİ
Konusal terim veya coğrafi ad Epik edebiyat--Oğuz.
9 (RLIN) 17724
650 #0 - KONU BAŞLIĞI EK GİRİŞ - KONU TERİMİ
Konusal terim veya coğrafi ad Dede Korkut.
9 (RLIN) 10039
650 #0 - KONU BAŞLIĞI EK GİRİŞ - KONU TERİMİ
Konusal terim veya coğrafi ad Epic literature.
9 (RLIN) 17725
830 0# - SERİ EK GİRİŞİ - TEKBİÇİM ESER ADI
Tekbiçim Başlık
9 (RLIN) 1620
942 ## - EK GİRİŞ ÖGELERİ (KOHA)
Source of classification or shelving scheme Library of Congress Classification
Koha item type Book
Holdings
Materyal Türü Kalıcı Konum Mevcut Konum Raf Yeri Sınıflandırma Kaynağı Edinim Bilgisi Ana Konular Alt Konular Yer Numarası Demirbaş Numarası Fatura Tarihi Maliyet, Alış Fiyatı Maliyet, Yenileme Fiyatı Geri Çekilme Durumu Kayıp Durumu Hasarlı Durumu Kredi için değil Kayıt Tarih Toplam Ödünçverme Son Görülme Tarihi Son Kontrol Tarihi Genel / Bağış Notu
Book Prof. Dr. Azmi Özcan Kütüphanesi Prof. Dr. Azmi Özcan Kütüphanesi Birûni Salonu Library of Congress Classification Bağış DİL VE EDEBİYAT Doğu Asya, Afrika, Okyanusya Dilleri ve Edebiyatları PL95.9.D43 O97 2004 0007175 13/08/2010 10.00 10.00         09/09/2009 3 05/12/2024 05/12/2024 Genel Bağış